Eclipse of the Sunnis : (Record no. 15515)

000 -LEADER
fixed length control field 01245cam a2200325 a 4500
001 - CONTROL NUMBER
control field 15922043
005 - DATE AND TIME OF LATEST TRANSACTION
control field 20170105102919.0
008 - FIXED-LENGTH DATA ELEMENTS--GENERAL INFORMATION
fixed length control field 090925s2010 nyu 001 0 eng
010 ## - LIBRARY OF CONGRESS CONTROL NUMBER
LC control number 2009039950
020 ## - INTERNATIONAL STANDARD BOOK NUMBER
International Standard Book Number 9781586486495
040 ## - CATALOGING SOURCE
Original cataloging agency DLC
Transcribing agency DLC
Modifying agency DLC
043 ## - GEOGRAPHIC AREA CODE
Geographic area code aw-----
-- a-iq---
050 00 - LIBRARY OF CONGRESS CALL NUMBER
Classification number DS59.S86
Item number A66 2010
082 00 - DEWEY DECIMAL CLASSIFICATION NUMBER
Classification number 956.7044/3086914
Edition number 22
100 1# - MAIN ENTRY--PERSONAL NAME
Personal name Amos, Deborah.
245 10 - TITLE STATEMENT
Title Eclipse of the Sunnis :
Remainder of title power, exile, and upheaval in the Middle East /
Statement of responsibility, etc. Deborah Amos.
250 ## - EDITION STATEMENT
Edition statement 1st ed.
260 ## - PUBLICATION, DISTRIBUTION, ETC.
Place of publication, distribution, etc. New York :
Name of publisher, distributor, etc. PublicAffairs,
Date of publication, distribution, etc. c2010.
300 ## - PHYSICAL DESCRIPTION
Extent xx, 230 p. ;
Dimensions 25 cm.
500 ## - GENERAL NOTE
General note Includes index.
650 #0 - SUBJECT ADDED ENTRY--TOPICAL TERM
Topical term or geographic name entry element Sunnites
Geographic subdivision Middle East
General subdivision Social conditions.
650 #0 - SUBJECT ADDED ENTRY--TOPICAL TERM
Topical term or geographic name entry element Sunnites
General subdivision Social conditions
Geographic subdivision Iraq.
650 #0 - SUBJECT ADDED ENTRY--TOPICAL TERM
Topical term or geographic name entry element Iraq War, 2003-2011
General subdivision Refugees
Geographic subdivision Middle East.
650 #0 - SUBJECT ADDED ENTRY--TOPICAL TERM
Topical term or geographic name entry element Iraq War, 2003-2011
General subdivision Social aspects.
650 #0 - SUBJECT ADDED ENTRY--TOPICAL TERM
Topical term or geographic name entry element Sunnites
General subdivision Relations
-- Shīʻah.
650 #0 - SUBJECT ADDED ENTRY--TOPICAL TERM
Topical term or geographic name entry element Shīʻah
General subdivision Relations
-- Sunnites.
906 ## - LOCAL DATA ELEMENT F, LDF (RLIN)
a 7
b cbc
c orignew
d 1
e ecip
f 20
g y-gencatlg
942 ## - ADDED ENTRY ELEMENTS (KOHA)
Source of classification or shelving scheme
Koha item type Book
Holdings
Withdrawn status Lost status Damaged status Not for loan Collection code Permanent Location Current Location Shelving location Date acquired Total Checkouts Full call number Barcode Date last seen Price effective from Koha item type
          Centre for International Peace & Stability (CIPS) Centre for International Peace & Stability (CIPS) General Stacks 10/02/2013   956.70443086914 AMO 2010 CIPS0002174 12/03/2013 12/03/2013 Book
© 2023 Central Library, National University of Sciences and Technology. All Rights Reserved.